000 00529nam a2200205Ia 4500
005 20240823032405.0
008 240823s9999||||xx |||||||||||||| ||und||
020 _a978-81-315-1231-9
041 _aENGLISH
082 _A658.802 Q0
100 _a"William,Pride M"
245 0 _a"Marketing : Planning, Implemetation and Control"
250 _a1st
260 _c2009
_bCengage Learning
_aNew Delhi
500 _aYES
650 _aMarketing
_bManagement Studies
700 _a Ferrell O C
942 _cBK
999 _c193332
_d193332